<?xml version="1.0" encoding="UTF-8"?>
<record
    xmlns:xsi="http://www.w3.org/2001/XMLSchema-instance"
    xsi:schemaLocation="http://www.loc.gov/MARC21/slim http://www.loc.gov/standards/marcxml/schema/MARC21slim.xsd"
    xmlns="http://www.loc.gov/MARC21/slim">

  <leader>00773nam a2200217   4500</leader>
  <controlfield tag="005">20210920201824.0</controlfield>
  <controlfield tag="008">210920s1994    pe  |||fr|||| 00| 0 spa d</controlfield>
  <datafield tag="020" ind1=" " ind2=" ">
    <subfield code="a">8489306109</subfield>
  </datafield>
  <datafield tag="040" ind1=" " ind2=" ">
    <subfield code="a">CENDOC CAAAP</subfield>
    <subfield code="b">spa</subfield>
    <subfield code="c">CAAAP</subfield>
  </datafield>
  <datafield tag="041" ind1=" " ind2=" ">
    <subfield code="a">spa</subfield>
  </datafield>
  <datafield tag="050" ind1=" " ind2=" ">
    <subfield code="a">HV 5840.P3</subfield>
    <subfield code="b">C73</subfield>
  </datafield>
  <datafield tag="245" ind1=" " ind2=" ">
    <subfield code="a">Drogas y control :penal en los Andes </subfield>
    <subfield code="b">deseos, utop&#xED;as y efectos</subfield>
  </datafield>
  <datafield tag="250" ind1=" " ind2=" ">
    <subfield code="a">1ra ed.</subfield>
  </datafield>
  <datafield tag="260" ind1=" " ind2=" ">
    <subfield code="a">Lima:</subfield>
    <subfield code="b">Comisi&#xF3;n Andina de Juristas,</subfield>
    <subfield code="c">1994</subfield>
  </datafield>
  <datafield tag="300" ind1=" " ind2=" ">
    <subfield code="a">397 p.</subfield>
  </datafield>
  <datafield tag="505" ind1=" " ind2=" ">
    <subfield code="a">Contiene : Narcotr&#xE1;fico y control penal -- Estudios -- Informe sobre el problema de la salud y las drogas -- Las drogas y sus discurso -- Cuadros.</subfield>
  </datafield>
  <datafield tag="650" ind1="1" ind2="0">
    <subfield code="9">821</subfield>
    <subfield code="a">Tr&#xE1;fico de drogas</subfield>
  </datafield>
  <datafield tag="650" ind1="2" ind2="0">
    <subfield code="9">3286</subfield>
    <subfield code="a">Administraci&#xF3;n de la justicia</subfield>
  </datafield>
  <datafield tag="650" ind1="2" ind2="0">
    <subfield code="9">3404</subfield>
    <subfield code="a">Legislaci&#xF3;n</subfield>
  </datafield>
  <datafield tag="942" ind1=" " ind2=" ">
    <subfield code="2">lcc</subfield>
    <subfield code="b">20 - 09 - 21</subfield>
    <subfield code="c">BK</subfield>
  </datafield>
  <datafield tag="999" ind1=" " ind2=" ">
    <subfield code="c">2473</subfield>
    <subfield code="d">2473</subfield>
  </datafield>
  <datafield tag="952" ind1=" " ind2=" ">
    <subfield code="2">lcc</subfield>
    <subfield code="a">CAAAP</subfield>
    <subfield code="b">CAAAP</subfield>
    <subfield code="d">2021-09-20</subfield>
    <subfield code="i">006915</subfield>
    <subfield code="l">0</subfield>
    <subfield code="o">HV 5840.P3</subfield>
    <subfield code="o">C73</subfield>
    <subfield code="r">2021-09-20</subfield>
    <subfield code="y">BK</subfield>
  </datafield>
</record>
